Statistics for Author Pseudonyms

Click here to take the quiz!

General Stats

  • This quiz has been taken 15 times
  • The average score is 7 of 13

Answer Stats

Famous BooksReal NameAnswer% Correct
1984Eric Arthur BlairGeorge Orwell
100%
The Adventures of Tom SawyerSamuel Langhorne ClemensMark Twain
100%
ItRichard BachmanStephen King
80%
The Ultimate Spider-ManStanley Martin LieberStan Lee
73%
Atlas ShruggedAlisa Zinov'yevna Rosenbaum (Alice O'Connor)Ayn Rand
67%
MiddlemarchMary Anne EvansGeorge Eliot
67%
I Know Why The Caged Bird SingsMarguerite Annie JohnsonMaya Angelou
60%
The Bell JarVictoria LucasSylvia Plath
60%
A Series of Unfortunate EventsDaniel HandlerLemony Snicket
53%
The Gift of the MagiWilliam Sydney PorterO. Henry
33%
Twenty Love Poems and a Song of DespairRicardo Neftalí Reyes BasoaltoPablo Neruda
33%
WarriorsCherith Baldry, Kate Cary, Victoria Holmes, Tui T. SutherlandErin Hunter
7%
Swastika NightKatharine BurdekinMurray Constantine
7%

Score Distribution

Percentile by Number Answered

Percent of People with Each Score

Your Score History

You have not taken this quiz